A Defence of Christian Belief Against the Traditional Concept of Kau in the Zomi Society | (Record no. 7979)
[ view plain ]
| 000 -LEADER | |
|---|---|
| fixed length control field | 00558nam a22001697a 4500 |
| 003 - CONTROL NUMBER IDENTIFIER | |
| control field | GBCCL |
| 005 - DATE AND TIME OF LATEST TRANSACTION | |
| control field | 20241126110640.0 |
| 008 - FIXED-LENGTH DATA ELEMENTS--GENERAL INFORMATION | |
| fixed length control field | 181122b ||||| |||| 00| 0 eng d |
| 040 ## - CATALOGING SOURCE | |
| Transcribing agency | GBC |
| 082 ## - DEWEY DECIMAL CLASSIFICATION NUMBER | |
| Classification number | ARCH GBC-2008 |
| Item number | DAL |
| 100 ## - MAIN ENTRY--PERSONAL NAME | |
| Personal name | Dalkhanlian, M |
| 9 (RLIN) | 13926 |
| 245 ## - TITLE STATEMENT | |
| Title | A Defence of Christian Belief Against the Traditional Concept of Kau in the Zomi Society | |
| Statement of responsibility, etc. | M. Dalkhanlian |
| 260 ## - PUBLICATION, DISTRIBUTION, ETC. | |
| Place of publication, distribution, etc. | New Lamka: |
| Name of publisher, distributor, etc. | Grace Bible College, |
| Date of publication, distribution, etc. | 2008 |
| 300 ## - PHYSICAL DESCRIPTION | |
| Extent | vi + 45 p.; |
| Dimensions | 21 x 30 cm. |
| 650 ## - SUBJECT ADDED ENTRY--TOPICAL TERM | |
| Topical term or geographic name entry element | Kau |
| Form subdivision | Demonism |
| -- | Tribal Religions |
| General subdivision | Zomi Society |
| 9 (RLIN) | 13927 |
| 942 ## - ADDED ENTRY ELEMENTS (KOHA) | |
| Source of classification or shelving scheme | Dewey Decimal Classification |
| Koha item type | Thesis |
| Withdrawn status | Lost status | Source of classification or shelving scheme | Damaged status | Not for loan | Home library | Current Library | Shelving location | Date acquired | Total checkouts | Full call number | Barcode | Date last seen | Copy number | Price effective from | Koha item type |
|---|---|---|---|---|---|---|---|---|---|---|---|---|---|---|---|
| Dewey Decimal Classification | GRACE BIBLE COLLEGE | GRACE BIBLE COLLEGE | Archives | 2018-11-22 | ARCH GBC-2008 DAL | 025105 | 2025-05-01 | c.1 | 2018-11-22 | Thesis |